000 00715nam a2200193Ia 4500
003 IN-BaIIA
008 211028s9999 xx 000 0 eng d
020 _a3-540-59157-5
040 _cIIA Library
080 _a524.31.084
_bWHI
111 _aEuropean Workshop on White Dwarfs
_n9th
_cKiel
_d1994 Aug 29-Sep 1
_920228
245 0 _aWhite dwarfs
_bproceedings of the 9th European Workshop on white dwarfs, held in Kiel, Germany, 29 Augusst - 1 Sept.ember, 1994
_cedited by Detlev Koester and Klaus Werner
260 _aBerlin
_bSpringer-Verlag
_c1995
300 _a[various pagings.]
650 _aWhite dwarfs
_96553
700 _aKoester, Detlev., ed.
_920229
700 _aWerner, Klaus., ed.
_920230
942 _cBK
999 _c11695
_d11695